Statistics for Spongebob Squarepants Characters

Click here to take the quiz!

General Stats

  • This quiz has been taken 27 times
  • The average score is 11 of 15

Answer Stats

Answer% Correct
Patrick
100%
Spongebob
100%
Squidward
96%
Sandy
92%
Mr. Krabs
88%
Mrs. Puff
88%
Gary
84%
Plankton
76%
Pearl
72%
Karen
60%
Barnacle Boy
56%
Mermaid Man
48%
Flying Dutchman
36%
Squilliam
36%
Patchy
20%

Score Distribution

Percentile by Number Answered

Percent of People with Each Score

Your Score History

You have not taken this quiz